Top 6 most populated countries in the world - Statistics

General Stats
  • This quiz has been taken 39 times
  • The average score is 6 of 6
Answers on the Map
Answers color-coded by a green-red scale on the quiz's map according to % correct below.
 
Answer Stats
Hint Rank Answer % Correct
cn 2 China
100%
in 1 India
100%
id 4 Indonesia
100%
us 3 USA
97%
ng 5 Nigeria
93%
pk 6 Pakistan
90%
No matching quizzes found
Score Distribution
Percent of People with Each Score
Percentile by Number Answered
Your Score History
You have not taken this quiz